000 00677nam a22002417a 4500
001 97856
003 UA-OsUOA
005 20200122143844.0
007 ta
008 20130408b un ||||| |||| 00| 0 ukr d
040 _aUA-OsUOA
_bukr
_cUA-OsUOA
_dUA-OsUOA
041 _aukr
080 _a821.133.1
090 _a821.133.1
_bП47
100 _aПознер В.
245 _aЗавіса підіймається
_bроман
260 _aК.
_bДніпро
_c1966
300 _a128 с.
650 7 _a82 Література. Літературознавство
_2UDC
942 _cBK
_2udc
955 _a3
999 _c384103
_d384103